[Event "Kidlington op 43rd"]
[Site "Kidlington"]
[Date "2020.02.01"]
[Round "3"]
[White "White, Stuart A"]
[Black "Asenov, Pavel"]
[Result "0-1"]
[WhiteElo "203"]
[BlackElo "207"]
[PlyCount "120"]
[EventDate "2020.02.01"]
[EventType "swiss"]
[EventRounds "5"]
[EventCountry "ENG"]
[SourceTitle "CBM 195 Extra"]
[Source "ChessBase"]
[SourceDate "2020.05.31"]
[SourceVersion "1"]
[SourceVersionDate "2020.05.31"]
[SourceQuality "1"]

1. d4 d6 2. Nf3 Bg4 3. c4 Bxf3 4. exf3 g6 5. Nc3 Bg7 6. Be3 c6 7. Qb3 Qc7 8. Be2 Nd7 9. 0-0 Nh6 10. g4 0-0 11. f4 f5 12. g5 Nf7 13. d5 Rfe8 14. Bf3 e6 15. Rfd1 exd5 16. cxd5 c5 17. Rac1 a6 18. a4 Reb8 19. Be2 b6 20. Qc4 Nd8 21. h4 Nb7 22. Qd3 Na5 23. Qc2 c4 24. Na2 b5 25. b4 Nb3 26. Rb1 Qb7 27. a5 Re8 28. Nc1 Rxe3 29. fxe3 Qa7 30. Rxb3 cxb3 31. Qxb3 Rc8 32. Na2 Rc3 33. Nxc3 Qxe3+ 34. Kf1 Qh3+ 35. Kf2 Bxc3 36. Bf3 Qxh4+ 37. Ke3 Be1 38. Qb2 Bg3 39. Rd4 h6 40. gxh6 g5 41. h7+ Kxh7 42. fxg5 Qxg5+ 43. Ke2 Be5 44. Qd2 Qg3 45. Rd3 Bf4 46. Qe1 Qg7 47. Qh4+ Bh6 48. Qd4 Ne5 49. Rb3 Qg3 50. Qa7+ Bg7 51. Qf2 Qf4 52. Qe3 Qc4+ 53. Ke1 Bh6 54. Qc3 Qh4+ 55. Kd1 Nc4 56. Qd3 Qf4 57. Ke2 Qh2+ 58. Kf1 Nd2+ 59. Ke1 Qg1+ 60. Ke2 Qf1# 0-1

[Event "BCF-chT1a 1718 (4NCL)"]
[Site "England"]
[Date "2018.03.17"]
[Round "7.34"]
[White "McNab, Colin Anderson"]
[Black "Asenov, Pavel"]
[Result "1/2-1/2"]
[WhiteElo "2420"]
[BlackElo "2215"]
[PlyCount "50"]
[EventDate "2017.11.11"]
[EventType "team-swiss"]
[EventRounds "11"]
[EventCountry "ENG"]
[SourceTitle "EXT 2019"]
[Source "ChessBase"]
[SourceDate "2018.10.10"]
[SourceVersion "1"]
[SourceVersionDate "2018.10.10"]
[SourceQuality "1"]
[WhiteTeam "White Rose"]
[BlackTeam "Oxford"]
[WhiteTeamCountry "ENG"]
[BlackTeamCountry "ENG"]

1. c4 e5 2. Nc3 Nf6 3. Nf3 Nc6 4. a3 g6 5. g3 d5 6. d4 exd4 7. Nxd4 dxc4 8. Nxc6 Qxd1+ 9. Nxd1 bxc6 10. Bg2 Nd5 11. Ne3 Be6 12. Nxc4 Bg7 13. Na5 Bd7 14. 0-0 Rb8 15. Rd1 Rb5 16. Nc4 Nb6 17. a4 Rc5 18. Ne3 Ra5 19. Rd3 Rxa4 20. Rxa4 Nxa4 21. Nc4 Nb6 22. Na5 c5 23. b3 0-0 24. Ba3 Re8 25. Bxc5 Bb5 1/2-1/2

[Event "Newcastle on Tyne op"]
[Site "Newcastle on Tyne"]
[Date "2018.02.17"]
[Round "6"]
[White "Asenov, Pavel"]
[Black "Gormally, Daniel"]
[Result "0-1"]
[WhiteElo "2187"]
[BlackElo "2483"]
[PlyCount "74"]
[EventDate "2018.02.14"]
[EventType "swiss"]
[EventRounds "9"]
[EventCountry "ENG"]
[SourceTitle "EXT 2019"]
[Source "ChessBase"]
[SourceDate "2018.10.10"]
[SourceVersion "1"]
[SourceVersionDate "2018.10.10"]
[SourceQuality "1"]

1. d4 Nf6 2. c4 g6 3. Nc3 d5 4. Nf3 Bg7 5. Qb3 dxc4 6. Qxc4 0-0 7. e4 Nc6 8. Be2 Bg4 9. d5 Na5 10. Qb4 Bxf3 11. Bxf3 c6 12. 0-0 Nd7 13. Rd1 c5 14. Qa4 a6 15. Bg5 b5 16. Qc2 Bf6 17. Bxf6 exf6 18. b3 Nb7 19. Rac1 Nd6 20. Bg4 Ne5 21. Be2 Re8 22. f4 Nd7 23. Bf3 c4 24. b4 a5 25. a3 axb4 26. axb4 Ra3 27. Re1 Rb3 28. Bg4 f5 29. e5 fxg4 30. exd6 Rxe1+ 31. Rxe1 Qb6+ 32. Kh1 Qxd6 33. Rd1 Qxb4 34. Ne4 Re3 35. Nd2 Re2 36. Qc1 c3 37. Nf1 Qe4 0-1

[Event "Newcastle on Tyne op"]
[Site "Newcastle on Tyne"]
[Date "2018.02.16"]
[Round "5"]
[White "Longson, Alexander"]
[Black "Asenov, Pavel"]
[Result "1-0"]
[WhiteElo "2307"]
[BlackElo "2187"]
[PlyCount "85"]
[EventDate "2018.02.14"]
[EventType "swiss"]
[EventRounds "9"]
[EventCountry "ENG"]
[SourceTitle "CBM 182 Extra"]
[Source "ChessBase"]
[SourceDate "2018.02.23"]
[SourceVersion "1"]
[SourceVersionDate "2018.02.23"]
[SourceQuality "1"]

1. e4 e5 2. Nf3 Nc6 3. Bb5 d6 4. d4 exd4 5. Nxd4 Bd7 6. Nc3 g6 7. Be3 Bg7 8. Qd2 Nf6 9. f3 0-0 10. Bxc6 bxc6 11. 0-0-0 Re8 12. g4 a5 13. Nde2 a4 14. g5 Nh5 15. a3 Qb8 16. Kb1 Qb7 17. Ka1 Reb8 18. Rb1 c5 19. Bxc5 dxc5 20. Qxd7 Rd8 21. Qb5 Qxb5 22. Nxb5 Rd2 23. Nbc3 Rxc2 24. Rbc1 Rd2 25. Rcd1 Rad8 26. Rxd2 Rxd2 27. Rd1 Bxc3 28. Nxc3 Rxh2 29. Nxa4 Rg2 30. Nxc5 Rxg5 31. b4 Nf4 32. a4 Re5 33. Rd8+ Kg7 34. a5 c6 35. a6 Re7 36. Nb7 Ne6 37. Rc8 Rc7 38. Re8 Rd7 39. Rxe6 Rd1+ 40. Kb2 Rd2+ 41. Kc3 Ra2 42. Na5 fxe6 43. a7 1-0

[Event "BCF-chT1a 1718 (4NCL)"]
[Site "England"]
[Date "2017.11.11"]
[Round "1.24"]
[White "Rendle, Thomas E"]
[Black "Asenov, Pavel"]
[Result "1/2-1/2"]
[WhiteElo "2366"]
[BlackElo "2215"]
[PlyCount "77"]
[EventDate "2017.11.11"]
[EventType "team-swiss"]
[EventRounds "11"]
[EventCountry "ENG"]
[SourceTitle "CBM 181 Extra"]
[Source "ChessBase"]
[SourceDate "2017.12.12"]
[SourceVersion "1"]
[SourceVersionDate "2017.12.12"]
[SourceQuality "1"]
[WhiteTeam "Grantham Sharks"]
[BlackTeam "Oxford"]
[WhiteTeamCountry "ENG"]
[BlackTeamCountry "ENG"]

1. e4 e5 2. Nf3 Nc6 3. Bc4 Nf6 4. d3 Be7 5. 0-0 0-0 6. Re1 d6 7. a4 Na5 8. Ba2 c5 9. c3 Nc6 10. Nbd2 h6 11. Nf1 Re8 12. Ng3 Bf8 13. h3 Be6 14. Bxe6 Rxe6 15. d4 cxd4 16. cxd4 d5 17. Nxe5 Nxe5 18. dxe5 Nxe4 19. Bf4 Nc5 20. Qf3 Qb6 21. Rad1 Rd8 22. Rxd5 Rxd5 23. Qxd5 Qxb2 24. Ne4 Nxa4 25. Re3 Qb4 26. Rg3 Nc5 27. Nxc5 Bxc5 28. Qd8+ Bf8 29. Be3 Rxe5 30. Bxh6 Re1+ 31. Kh2 Qd6 32. Qg5 Re6 33. Bxg7 Rg6 34. Bxf8 Qxg3+ 35. Qxg3 Rxg3 36. Kxg3 Kxf8 37. Kf4 a5 38. Ke3 a4 39. Kd3 1/2-1/2

[Event "Coventry 4NCL op-A 16th"]
[Site "Coventry"]
[Date "2017.11.05"]
[Round "4"]
[White "Asenov, Pavel"]
[Black "Lentzos, Ioanis"]
[Result "1/2-1/2"]
[WhiteElo "2197"]
[BlackElo "2021"]
[PlyCount "69"]
[EventDate "2017.11.03"]
[EventType "swiss"]
[EventRounds "5"]
[EventCountry "ENG"]
[SourceTitle "CBM 181 Extra"]
[Source "ChessBase"]
[SourceDate "2017.12.12"]
[SourceVersion "1"]
[SourceVersionDate "2017.12.12"]
[SourceQuality "1"]

1. d4 Nf6 2. c4 e6 3. Nc3 Bb4 4. e3 0-0 5. Nge2 c6 6. a3 Ba5 7. Ng3 d5 8. Qc2 Nbd7 9. Be2 dxc4 10. Bxc4 e5 11. 0-0 Bc7 12. Rd1 exd4 13. Rxd4 Be5 14. Rd2 Ng4 15. Be2 Qh4 16. Bxg4 Qxg4 17. b3 Nf6 18. Bb2 Qh4 19. Nf1 Be6 20. Rad1 Rfe8 21. f3 Bc7 22. Ne2 Bb6 23. Bd4 Nd5 24. e4 Nf4 25. Nxf4 Qxf4 26. Qc3 Qc7 27. Ne3 Rad8 28. b4 Bxd4 29. Rxd4 Rxd4 30. Qxd4 Qb6 31. f4 Qxd4 32. Rxd4 f6 33. Kf2 Kf7 34. Kf3 Ke7 35. e5 1/2-1/2

[Event "BCF-chT1d 1617 (4NCL) Demotion pool"]
[Site "England"]
[Date "2017.04.30"]
[Round "10.53"]
[White "Asenov, Pavel"]
[Black "Bates, Richard"]
[Result "0-1"]
[WhiteElo "2207"]
[BlackElo "2341"]
[PlyCount "98"]
[EventDate "2016.11.19"]
[EventType "team-tourn"]
[EventRounds "4"]
[EventCountry "ENG"]
[SourceTitle "EXT 2018"]
[Source "ChessBase"]
[SourceDate "2017.10.13"]
[SourceVersion "1"]
[SourceVersionDate "2017.10.13"]
[SourceQuality "1"]
[WhiteTeam "Oxford"]
[BlackTeam "Blackthorne Russia"]
[WhiteTeamCountry "ENG"]
[BlackTeamCountry "ENG"]

1. e4 c5 2. Nf3 d6 3. d4 cxd4 4. Nxd4 Nf6 5. Nc3 a6 6. Be3 e5 7. Nb3 Be7 8. f3 Be6 9. Qd2 0-0 10. g4 d5 11. exd5 Nxd5 12. Nxd5 Bxd5 13. Bg2 Bh4+ 14. Bf2 Bxb3 15. Qxd8 Bxf2+ 16. Kxf2 Rxd8 17. cxb3 Rd2+ 18. Kg3 Nc6 19. Rhd1 Rad8 20. Rxd2 Rxd2 21. Rf1 Nd4 22. Rf2 Ne2+ 23. Kh4 h6 24. Bf1 g5+ 25. Kh3 Nf4+ 26. Kg3 Rd1 27. h4 Kf8 28. hxg5 hxg5 29. Bc4 b5 30. Bf1 Ke7 31. b4 Ke6 32. Kh2 Kd5 33. a4 Nd3 34. Bxd3 Rxd3 35. axb5 axb5 36. Kg2 Rd4 37. Rc2 Rxb4 38. Kf2 e4 39. Rd2+ Ke5 40. fxe4 Kxe4 41. Kg3 Rb3+ 42. Kf2 Rd3 43. Rc2 Kf4 44. Rc7 Rd2+ 45. Ke1 Rxb2 46. Rxf7+ Kxg4 47. Kd1 Kg3 48. Kc1 Rf2 49. Rb7 Rf5 0-1

[Event "BCF-chT1b 1617 (4NCL)"]
[Site "England"]
[Date "2017.01.15"]
[Round "4.56"]
[White "Asenov, Pavel"]
[Black "Hebden, Mark"]
[Result "0-1"]
[WhiteElo "2207"]
[BlackElo "2491"]
[PlyCount "68"]
[EventDate "2016.11.19"]
[EventType "team-tourn"]
[EventRounds "7"]
[EventCountry "ENG"]
[SourceTitle "EXT 2018"]
[Source "ChessBase"]
[SourceDate "2017.10.13"]
[SourceVersion "1"]
[SourceVersionDate "2017.10.13"]
[SourceQuality "1"]
[WhiteTeam "Oxford"]
[BlackTeam "Guildford"]
[WhiteTeamCountry "ENG"]
[BlackTeamCountry "ENG"]

1. d4 Nf6 2. c4 g6 3. Nc3 Bg7 4. e4 d6 5. f3 0-0 6. Be3 Nc6 7. Nge2 a6 8. Qd2 Na5 9. Nc1 Nd7 10. Nb3 c5 11. dxc5 Nxb3 12. axb3 Nxc5 13. Ra3 Be6 14. b4 Nd7 15. Be2 f5 16. exf5 Rxf5 17. 0-0 Rc8 18. b3 Rf8 19. Rd1 Nf6 20. b5 axb5 21. Nxb5 d5 22. Qb4 Bf7 23. Nc3 e6 24. Ra7 Nh5 25. Ne4 Be5 26. Bg5 Qc7 27. cxd5 exd5 28. Rc1 Qxc1+ 29. Bxc1 Rxc1+ 30. Kf2 Bxh2 31. Nf6+ Nxf6 32. Ra2 Bg1+ 33. Kg3 Nh5+ 34. Kh3 Bc5 0-1

[Event "BCF-chT1b 1617 (4NCL)"]
[Site "England"]
[Date "2017.01.14"]
[Round "3.76"]
[White "Gallagher, Daniel GH"]
[Black "Asenov, Pavel"]
[Result "1/2-1/2"]
[WhiteElo "2122"]
[BlackElo "2207"]
[PlyCount "68"]
[EventDate "2016.11.19"]
[EventType "team-tourn"]
[EventRounds "7"]
[EventCountry "ENG"]
[SourceTitle "EXT 2018"]
[Source "ChessBase"]
[SourceDate "2017.10.13"]
[SourceVersion "1"]
[SourceVersionDate "2017.10.13"]
[SourceQuality "1"]
[WhiteTeam "Anglian Avengers"]
[BlackTeam "Oxford"]
[WhiteTeamCountry "ENG"]
[BlackTeamCountry "ENG"]

1. d4 Nf6 2. Nf3 d5 3. c4 c6 4. Nc3 dxc4 5. a4 Bf5 6. Nh4 e6 7. Nxf5 exf5 8. e3 Bb4 9. Bxc4 0-0 10. 0-0 Nbd7 11. h3 Rc8 12. g4 fxg4 13. hxg4 c5 14. Ba2 Nb6 15. g5 Ne8 16. Qh5 cxd4 17. Ne4 Nc4 18. exd4 Qxd4 19. Qg4 Ne5 20. Rd1 Qxb2 21. Qxc8 Qxa1 22. Bb3 Nd6 23. Qc2 Nf3+ 24. Kg2 Nh4+ 25. Kh3 Nxe4 26. Qxe4 Qc3+ 27. Qe3 Qxe3+ 28. Bxe3 Nf3 29. Rd7 b6 30. Rxa7 Bc5 31. Bxc5 bxc5 32. Kg4 Nd4 33. Bd5 Ne6 34. a5 Rd8 1/2-1/2

[Event "BCF-chT1b 1617 (4NCL)"]
[Site "England"]
[Date "2016.11.19"]
[Round "1.85"]
[White "Dargan, Paul AG"]
[Black "Asenov, Pavel"]
[Result "0-1"]
[WhiteElo "2096"]
[BlackElo "2207"]
[PlyCount "74"]
[EventDate "2016.11.19"]
[EventType "team-tourn"]
[EventRounds "7"]
[EventCountry "ENG"]
[SourceTitle "CBM 175 Extra"]
[Source "ChessBase"]
[SourceDate "2016.12.12"]
[SourceVersion "1"]
[SourceVersionDate "2016.12.12"]
[SourceQuality "1"]
[WhiteTeam "North East England"]
[BlackTeam "Oxford"]
[WhiteTeamCountry "ENG"]
[BlackTeamCountry "ENG"]

1. e4 c5 2. c3 Nf6 3. e5 Nd5 4. d4 e6 5. Nf3 d6 6. Bc4 cxd4 7. cxd4 Nc6 8. 0-0 Be7 9. Qe2 0-0 10. Nc3 dxe5 11. dxe5 Nxc3 12. bxc3 Qa5 13. Bd2 Rd8 14. Rfe1 Bd7 15. Bb3 Rac8 16. Qe4 Qc7 17. Ng5 g6 18. Qh4 h5 19. Qf4 Rf8 20. Re3 Rcd8 21. Rae1 Na5 22. Rg3 Nxb3 23. axb3 Be8 24. Bc1 Rd5 25. c4 Qa5 26. Rge3 Bxg5 27. Qxg5 Rd4 28. h3 Bc6 29. Bb2 Rd7 30. Bc3 Qa2 31. Bb4 Re8 32. Bd6 Qd2 33. Qf6 b6 34. R1e2 Qd1+ 35. Kh2 Qd4 36. f4 Rxd6 37. exd6 Qxf6 0-1

[Event "Berlin Lichtenrade op 12th"]
[Site "Berlin"]
[Date "2016.10.30"]
[Round "9"]
[White "Hanewinkel, Winfried"]
[Black "Asenov, Pavel"]
[Result "0-1"]
[WhiteElo "1968"]
[BlackElo "2207"]
[PlyCount "112"]
[EventDate "2016.10.22"]
[EventType "swiss"]
[EventRounds "9"]
[EventCountry "GER"]
[SourceTitle "EXT 2018"]
[Source "ChessBase"]
[SourceDate "2017.10.13"]
[SourceVersion "1"]
[SourceVersionDate "2017.10.13"]
[SourceQuality "1"]

1. d4 d5 2. c4 c6 3. Nf3 Nf6 4. e3 Bf5 5. Bd3 Bxd3 6. Qxd3 e6 7. Nc3 Nbd7 8. 0-0 Bb4 9. Bd2 a5 10. Ne2 0-0 11. a3 Bxd2 12. Nxd2 a4 13. b4 axb3 14. Rfb1 Qc7 15. Rxb3 Ng4 16. Nf3 Nb6 17. c5 Nc4 18. h3 Nf6 19. Nd2 b5 20. cxb6 Nxb6 21. Rab1 Rfb8 22. Qc2 h6 23. Nf4 Nbd7 24. Nd3 Rxb3 25. Rxb3 Qd6 26. Rc3 Rxa3 27. Rxc6 Ra1+ 28. Nf1 Qa3 29. Ne5 Nf8 30. Qc3 Qxc3 31. Rxc3 Ne4 32. Rc2 f6 33. Nf3 Nd7 34. N3d2 Nxd2 35. Rxd2 Nb6 36. g3 Nc4 37. Rd3 Kf7 38. Kg2 Ra2 39. Rd1 g5 40. Rd3 h5 41. h4 g4 42. Kg1 Kg6 43. Kg2 Kf5 44. Rd1 Ke4 45. Rb1 e5 46. dxe5 fxe5 47. Rb8 d4 48. exd4 exd4 49. Rh8 Ra5 50. Rf8 Kd3 51. Re8 Re5 52. Rd8 Kc3 53. Rd7 d3 54. Rc7 Kb3 55. Ra7 d2 56. Ra1 Kc2 0-1

[Event "Berlin Lichtenrade op 12th"]
[Site "Berlin"]
[Date "2016.10.26"]
[Round "5"]
[White "Asenov, Pavel"]
[Black "Roesemann, Rainer"]
[Result "1-0"]
[WhiteElo "2207"]
[BlackElo "2282"]
[PlyCount "73"]
[EventDate "2016.10.22"]
[EventType "swiss"]
[EventRounds "9"]
[EventCountry "GER"]
[SourceTitle "EXT 2018"]
[Source "ChessBase"]
[SourceDate "2017.10.13"]
[SourceVersion "1"]
[SourceVersionDate "2017.10.13"]
[SourceQuality "1"]

1. d4 Nf6 2. c4 e6 3. Nc3 Bb4 4. e3 d5 5. Nge2 dxc4 6. a3 Be7 7. Ng3 c5 8. Bxc4 cxd4 9. exd4 0-0 10. 0-0 Nbd7 11. Re1 Nb6 12. Bd3 Bd7 13. Qe2 Bc6 14. Bg5 Nbd5 15. Bd2 Qb6 16. Nxd5 Bxd5 17. Bc3 Rfe8 18. Rac1 Rac8 19. h4 Bd6 20. Ne4 Nxe4 21. Bxe4 Bxe4 22. Qxe4 Qb5 23. Rcd1 Red8 24. Rd3 Bf8 25. Rf3 Rd5 26. Rxf7 Re8 27. Rf3 g6 28. Qg4 Rf5 29. Re5 Qd7 30. Rfxf5 exf5 31. Qe2 Rd8 32. h5 Bd6 33. Re6 g5 34. d5 Qf7 35. h6 g4 36. g3 Qh5 37. Qe3 1-0

[Event "GBR-ch 103rd"]
[Site "Bournemouth"]
[Date "2016.08.05"]
[Round "11"]
[White "Asenov, Pavel"]
[Black "Zhang, Anthony"]
[Result "1/2-1/2"]
[WhiteElo "2250"]
[BlackElo "2149"]
[PlyCount "81"]
[EventDate "2016.07.25"]
[EventType "swiss"]
[EventRounds "11"]
[EventCountry "ENG"]
[SourceTitle "CBM 173 Extra"]
[Source "ChessBase"]
[SourceDate "2016.08.29"]
[SourceVersion "1"]
[SourceVersionDate "2016.08.29"]
[SourceQuality "1"]

1. d4 d5 2. c4 c6 3. Nf3 Nf6 4. Nc3 e6 5. Bg5 dxc4 6. a4 Bb4 7. e4 Qa5 8. Bd2 c5 9. Bxc4 cxd4 10. Bb5+ Nbd7 11. Nxd4 0-0 12. 0-0 Ne5 13. Nc2 Rd8 14. Nxb4 Qxb4 15. Qc2 Qe7 16. Rfd1 Qc7 17. Bg5 Bd7 18. Bxf6 gxf6 19. Bxd7 Rxd7 20. Rxd7 Qxd7 21. Rd1 Qc7 22. Qd2 a6 23. h3 Kg7 24. Ne2 Ng6 25. Ng3 Qc5 26. Rc1 Qg5 27. Qxg5 fxg5 28. Rc7 Rb8 29. Nh5+ Kh6 30. Nf6 Ne5 31. Nd7 Nxd7 32. Rxd7 Kg6 33. b4 b5 34. a5 Rc8 35. Rd6 Rc4 36. f3 Rxb4 37. Rxa6 Ra4 38. Ra8 b4 39. a6 b3 40. Rb8 Rxa6 41. Rxb3 1/2-1/2

[Event "GBR-ch 103rd"]
[Site "Bournemouth"]
[Date "2016.07.30"]
[Round "6"]
[White "Arkell, Keith C"]
[Black "Asenov, Pavel"]
[Result "1-0"]
[WhiteElo "2455"]
[BlackElo "2250"]
[PlyCount "95"]
[EventDate "2016.07.25"]
[EventType "swiss"]
[EventRounds "11"]
[EventCountry "ENG"]
[SourceTitle "CBM 173 Extra"]
[Source "ChessBase"]
[SourceDate "2016.08.29"]
[SourceVersion "1"]
[SourceVersionDate "2016.08.29"]
[SourceQuality "1"]

1. d4 Nf6 2. Nf3 e6 3. c4 b6 4. a3 Bb7 5. Nc3 d5 6. cxd5 Nxd5 7. Bg5 Nxc3 8. bxc3 Be7 9. Bxe7 Qxe7 10. e3 0-0 11. Be2 c5 12. 0-0 Nc6 13. Qb1 Rac8 14. Rd1 Rfd8 15. Bd3 h6 16. Bh7+ Kh8 17. Be4 Kg8 18. a4 cxd4 19. cxd4 Na5 20. Bxb7 Qxb7 21. h3 Rc3 22. Qb4 Rdc8 23. Rab1 Qd5 24. Qb5 Qxb5 25. axb5 Nc4 26. Rb4 Nd6 27. Rbb1 Rc2 28. d5 exd5 29. Rxd5 Ne4 30. Nd4 Rc1+ 31. Rxc1 Rxc1+ 32. Kh2 Nxf2 33. Rd8+ Kh7 34. Rd7 Nd1 35. Rxf7 Nxe3 36. Rxa7 Rd1 37. Ne6 Rb1 38. Rxg7+ Kh8 39. Rg6 Rxb5 40. Rxh6+ Kg8 41. g4 Rb3 42. Rf6 b5 43. g5 Nd5 44. Rf5 Nc3 45. g6 Rb2+ 46. Kh1 Rb1+ 47. Kg2 Rb2+ 48. Kf3 1-0

[Event "GBR-ch 103rd"]
[Site "Bournemouth"]
[Date "2016.07.25"]
[Round "1"]
[White "Asenov, Pavel"]
[Black "Starley, Robert"]
[Result "1-0"]
[WhiteElo "2250"]
[BlackElo "2001"]
[PlyCount "109"]
[EventDate "2016.07.25"]
[EventType "swiss"]
[EventRounds "11"]
[EventCountry "ENG"]
[SourceTitle "CBM 173 Extra"]
[Source "ChessBase"]
[SourceDate "2016.08.29"]
[SourceVersion "1"]
[SourceVersionDate "2016.08.29"]
[SourceQuality "1"]

1. Nf3 d5 2. c4 d4 3. b4 g6 4. Bb2 Bg7 5. g3 e5 6. d3 Bg4 7. Nbd2 Nd7 8. Bg2 Qe7 9. Rb1 h6 10. h3 Be6 11. 0-0 Ngf6 12. Qa4 0-0 13. Qb5 Rab8 14. Qa5 c6 15. Nxe5 Nxe5 16. Qxe5 Qxb4 17. Nf3 Nh5 18. Bxd4 Qxb1 19. Rxb1 Bxe5 20. Bxe5 Rbd8 21. Rxb7 Rd7 22. Rb3 Re8 23. g4 Ng7 24. Bf4 g5 25. Be3 Rc7 26. Bc5 Bc8 27. e3 Ne6 28. Bd6 Rb7 29. Ra3 a6 30. Ne5 Rb1+ 31. Kh2 Bb7 32. Nxc6 Rb6 33. Ne7+ Kh7 34. c5 Rb2 35. Bxb7 Rxb7 36. Nd5 Rc8 37. d4 Rb2 38. Kg3 h5 39. Rxa6 f5 40. gxf5 Ng7 41. e4 h4+ 42. Kf3 Nh5 43. Ra7+ Kh6 44. Ne7 Rf8 45. c6 g4+ 46. hxg4 Ng7 47. Bf4+ Kh7 48. Ng6 Rc8 49. Be5 Rxc6 50. Rxg7+ Kh6 51. g5+ Kxg5 52. Ne7+ Kh6 53. Ng8+ Kh5 54. Rh7+ Kg5 55. Bf4# 1-0

[Event "EU-chT U18 16th"]
[Site "Celje"]
[Date "2016.07.14"]
[Round "5.6"]
[White "Asenov, Pavel"]
[Black "Yilmaz, Goktan"]
[Result "1/2-1/2"]
[WhiteElo "2250"]
[BlackElo "2145"]
[PlyCount "91"]
[EventDate "2016.07.10"]
[EventType "team-swiss"]
[EventRounds "7"]
[EventCountry "SLO"]
[SourceTitle "CBM 173 Extra"]
[Source "ChessBase"]
[SourceDate "2016.08.29"]
[SourceVersion "1"]
[SourceVersionDate "2016.08.29"]
[SourceQuality "1"]
[WhiteTeam "England U18"]
[BlackTeam "Turkey U18 II"]
[WhiteTeamCountry "ENG"]
[BlackTeamCountry "TUR"]

1. d4 d5 2. c4 e6 3. Nc3 Be7 4. cxd5 exd5 5. Bf4 Nf6 6. e3 c6 7. Bd3 Nbd7 8. Nge2 Nf8 9. Qc2 Ne6 10. Be5 Bd6 11. Bg3 g6 12. Bh4 0-0 13. f3 Be7 14. 0-0 b6 15. Rad1 Bb7 16. a3 Qc7 17. Bf2 c5 18. Qd2 a6 19. Bb1 Bd6 20. Kh1 Rad8 21. Bh4 Be7 22. Qe1 Kg7 23. Ba2 cxd4 24. Nxd4 Bc5 25. b4 Bxd4 26. exd4 Rd7 27. f4 Re8 28. Qd2 Ng4 29. Rc1 Qd6 30. h3 Nh6 31. Bb1 f5 32. Nd1 Rc7 33. Rxc7+ Nxc7 34. Ne3 Bc8 35. Qf2 Nb5 36. Rc1 Nxd4 37. Bg5 Nb5 38. a4 Na7 39. Nxd5 Qxd5 40. Qxb6 Nf7 41. Bf6+ Kg8 42. Qxa7 Qd2 43. Rf1 Re1 44. Qg1 Re3 45. Kh2 Re2 46. Bh4 1/2-1/2

[Event "Budapest FS04 IM"]
[Site "Budapest"]
[Date "2016.04.12"]
[Round "11"]
[White "Strebkovs, Andrejs"]
[Black "Asenov, Pavel"]
[Result "0-1"]
[WhiteElo "2332"]
[BlackElo "2201"]
[PlyCount "66"]
[EventDate "2016.04.02"]
[EventType "tourn"]
[EventRounds "11"]
[EventCountry "HUN"]
[SourceTitle "CBM 171 Extra"]
[Source "ChessBase"]
[SourceDate "2016.04.26"]
[SourceVersion "1"]
[SourceVersionDate "2016.04.26"]
[SourceQuality "1"]

1. Nf3 d5 2. d4 Nf6 3. c4 c6 4. e3 Bf5 5. cxd5 cxd5 6. Nc3 a6 7. Ne5 Nc6 8. g4 Nxe5 9. gxf5 Nc6 10. Qb3 Na5 11. Qa4+ b5 12. Nxb5 axb5 13. Bxb5+ Nd7 14. Bd2 e6 15. fxe6 fxe6 16. Rc1 Nc6 17. Qd1 Ne7 18. a4 Nf5 19. b4 Bd6 20. Bc6 Rb8 21. b5 0-0 22. a5 Qh4 23. Qe2 Nf6 24. a6 Ne4 25. Rf1 Qxh2 26. a7 Nfg3 27. axb8Q Bxb8 28. Qg4 Nxf1 29. Rc2 Qxf2+ 30. Kd1 Nexd2 31. Qxe6+ Kh8 32. Rc3 Ne4 33. Rd3 Nxe3+ 0-1

[Event "Budapest FS04 IM"]
[Site "Budapest"]
[Date "2016.04.09"]
[Round "8"]
[White "Franchini, Gabriele"]
[Black "Asenov, Pavel"]
[Result "1/2-1/2"]
[WhiteElo "2193"]
[BlackElo "2201"]
[PlyCount "82"]
[EventDate "2016.04.02"]
[EventType "tourn"]
[EventRounds "11"]
[EventCountry "HUN"]
[SourceTitle "CBM 171 Extra"]
[Source "ChessBase"]
[SourceDate "2016.04.26"]
[SourceVersion "1"]
[SourceVersionDate "2016.04.26"]
[SourceQuality "1"]

1. e4 e5 2. Nf3 Nc6 3. d4 exd4 4. Nxd4 Nf6 5. Nc3 Bb4 6. Nxc6 bxc6 7. Bd3 0-0 8. 0-0 d5 9. exd5 cxd5 10. Bg5 c6 11. Qf3 Bd6 12. h3 Rb8 13. Rab1 h6 14. Bf4 Re8 15. b3 Be6 16. Rbd1 Bxf4 17. Qxf4 Qa5 18. Na4 c5 19. c4 d4 20. Qd6 Rbc8 21. Rfe1 Red8 22. Qf4 Qc7 23. Qxc7 Rxc7 24. Re2 Bd7 25. Nb2 Bc6 26. Re5 Nd7 27. Re7 Kf8 28. Rde1 g6 29. f4 Rcc8 30. R7e2 Re8 31. Be4 Bxe4 32. Rxe4 Rxe4 33. Rxe4 Rc6 34. Nd3 a5 35. g4 Re6 36. Rxe6 fxe6 37. Kf2 Ke7 38. Kf3 Kd6 39. h4 g5 40. fxg5 hxg5 41. h5 Ne5+ 1/2-1/2

[Event "Budapest FS04 IM"]
[Site "Budapest"]
[Date "2016.04.07"]
[Round "5"]
[White "Asenov, Pavel"]
[Black "Zlatin, Alexander"]
[Result "1-0"]
[WhiteElo "2201"]
[BlackElo "2153"]
[PlyCount "79"]
[EventDate "2016.04.02"]
[EventType "tourn"]
[EventRounds "11"]
[EventCountry "HUN"]
[SourceTitle "CBM 171 Extra"]
[Source "ChessBase"]
[SourceDate "2016.04.26"]
[SourceVersion "1"]
[SourceVersionDate "2016.04.26"]
[SourceQuality "1"]

1. d4 Nf6 2. c4 e6 3. Nc3 Bb4 4. e3 0-0 5. Nge2 d6 6. a3 Bxc3+ 7. Nxc3 a5 8. Bd3 Qe7 9. e4 e5 10. d5 Nbd7 11. 0-0 Nc5 12. Bc2 Bd7 13. b3 Ne8 14. Qh5 Nf6 15. Qe2 Bg4 16. f3 Bd7 17. Bg5 h6 18. Be3 Nh5 19. Qd2 Qf6 20. Nb5 Bxb5 21. cxb5 b6 22. b4 Nb7 23. Bb3 Qe7 24. Rac1 Kh7 25. Rc3 Qd7 26. Qd3 axb4 27. axb4 Nf6 28. Rfc1 Ne8 29. f4 Qe7 30. Bd1 Nd8 31. Bg4 Rb8 32. Bd2 Rb7 33. Qh3 Nf6 34. Bf5+ Kg8 35. fxe5 Qxe5 36. Rg3 Nxe4 37. Bxe4 Qxe4 38. Bxh6 Re8 39. Bxg7 f5 40. Be5+ 1-0

[Event "Budapest FS04 IM"]
[Site "Budapest"]
[Date "2016.04.05"]
[Round "3"]
[White "Asenov, Pavel"]
[Black "Krstulovic, Alex"]
[Result "1-0"]
[WhiteElo "2201"]
[BlackElo "2304"]
[PlyCount "77"]
[EventDate "2016.04.02"]
[EventType "tourn"]
[EventRounds "11"]
[EventCountry "HUN"]
[SourceTitle "CBM 171 Extra"]
[Source "ChessBase"]
[SourceDate "2016.04.26"]
[SourceVersion "1"]
[SourceVersionDate "2016.04.26"]
[SourceQuality "1"]

1. e4 c5 2. Nf3 d6 3. d4 cxd4 4. Nxd4 Nf6 5. Nc3 a6 6. Be3 e5 7. Nb3 Be6 8. f3 h5 9. Nd5 Bxd5 10. exd5 Nbd7 11. Qd2 g6 12. Na5 Qc7 13. c4 Bg7 14. Be2 0-0 15. 0-0 e4 16. b4 exf3 17. gxf3 Rfe8 18. Rac1 Rac8 19. Kh1 Re7 20. Bf4 Qb6 21. Nb3 Ree8 22. a4 Rxe2 23. Qxe2 Qxb4 24. Qd3 Bf8 25. a5 Nc5 26. Nxc5 Qxc5 27. Bd2 Nd7 28. f4 Qc7 29. f5 Ne5 30. Qg3 Bg7 31. Bf4 Kh7 32. Rg1 Rg8 33. Qg5 Qc5 34. Qe7 Qd4 35. Bxe5 Qe4+ 36. Rg2 Qxe5 37. Qxf7 Qxf5 38. Qxf5 gxf5 39. Rcg1 1-0